Scottish estates review 2009 (Record no. 109871)

MARC details
000 -LEADER
fixed length control field 01025cad a22002415a 4500
001 - CONTROL NUMBER
control field E148074
008 - FIXED-LENGTH DATA ELEMENTS--GENERAL INFORMATION
fixed length control field 090721s2009 xxkao f 000 0 eng d
035 ## - SYSTEM CONTROL NUMBER
System control number (Sirsi) u148074
041 0# - LANGUAGE CODE
Language code of text/sound track or separate title eng
050 04 - LIBRARY OF CONGRESS CALL NUMBER
Classification number 333.33 $2 18
110 2# - MAIN ENTRY--CORPORATE NAME
Corporate name or jurisdiction name as entry element Strutt & Parker
9 (RLIN) 2509
245 00 - TITLE STATEMENT
Title Scottish estates review 2009
Medium [electronic resource]
260 ## - PUBLICATION, DISTRIBUTION, ETC.
Place of publication, distribution, etc. [Scotland]
Name of publisher, distributor, etc. Strutt & Parker
Date of publication, distribution, etc. 2009
490 #0 - SERIES STATEMENT
Series statement Strutt and Parker Scottish Estates Review
505 2# - FORMATTED CONTENTS NOTE
Formatted contents note Hot topics -- A thoroughly modern enterprise -- 5 places for great sport -- Testing the waters -- 10 topical tips -- The ultimate eco-house -- Hot spots -- Labour of love -- Contacts
520 ## - SUMMARY, ETC.
Summary, etc. Reviews the performance of the Scottish estates market during 2008 and looks at issues of relevance to the sector.
521 ## - TARGET AUDIENCE NOTE
Target audience note Advanced
590 ## - LOCAL NOTE (RLIN)
Local note KA
651 #4 - SUBJECT ADDED ENTRY--GEOGRAPHIC NAME
Geographic name Scotland
Chronological subdivision 1999-
690 ## - LOCAL SUBJECT ADDED ENTRY--TOPICAL TERM (OCLC, RLIN)
Topical term or geographic name as entry element PROPERTY-PROPERTY MARKET
856 40 - ELECTRONIC LOCATION AND ACCESS
Uniform Resource Identifier <a href="https://www.struttandparker.com/html/respublications.php">https://www.struttandparker.com/html/respublications.php</a>
Public note View the report free of charge at www.struttandparker.com...
942 ## - ADDED ENTRY ELEMENTS (KOHA)
Suppress in OPAC 0
Holdings
Withdrawn status Lost status Source of classification or shelving scheme Damaged status Not for loan Home library Current library Shelving location Date acquired Total Checkouts Full call number Barcode Date last seen Copy number Price effective from Koha item type
    Dewey Decimal Classification     Virtual Virtual Online 21/07/2009   ONLINE PUBLICATION 148074-2001 06/08/2019 1 06/08/2019 Book